00526nam a2200193 a 4500001001300000003000900013005001700022008004100039020001000080082002000090100002400110245004100134260004300175300000900218500003500227505001300262650003300275700002400308nice12345678IN_TiNIC20260116012111.0050524s1940 hyda grp 000 0 urd  ac10000a305.480297bHAS aHashmi, Naseeruddin aKhawateen-E-Deccan Ki Urdu Khidmaat. aHyderabadbRazzaqi Mission Pressc1940 a292p aincludes index and biblioraphy2 aAppendex aMuslim Women-India-Hyderabad1 aHashmi, Naseeruddin